| 000 | 01121nam a2200241 u 4500 | ||
|---|---|---|---|
| 001 | 000231038 | ||
| 003 | AM-YeHGA | ||
| 005 | 20250618071552.0 | ||
| 008 | 030603s1946 ai r 000 0 arm d | ||
| 040 | _aAM-YeHGA | ||
| 100 | 1 |
_aՀայրապետյան, Հայրապետ Սարդարի, _d1874-1962 _91697 |
|
| 245 | 1 | 0 |
_aԱյբբենարան / _cՀ. Հայրապետյան, Ավ. Ճուղուրյան; Պատ. խմբ.` Աբգ. Մովսիսյան; Նկ.` Ստ. Ալթունյան, Գ. Բրուտյան. |
| 250 | _a2-րդ հրատ., բարեփոխ. | ||
| 260 |
_aԵրևան : _bՀայպետհրատ, _c1946. |
||
| 300 |
_a96 էջ : _bնկ. ; _c26 սմ. _eներդիր. |
||
| 650 | 1 | 4 | _aՀայոց լեզու |
| 650 | 1 | 4 |
_aԱյբբենարան _95304 |
| 700 | 1 |
_aՃուղուրյան, Ավետիս Սմբատի, _d1898-1981 |
|
| 700 | 1 |
_aՄովսիսյան, Աբգար Խաչատուրի, _d1905-1967 _eպատ. խմբ. _4edt _91348 |
|
| 700 | 1 |
_aԱլթունյան, Ստեփան, _cնկարիչ, _d1893-1945 _eնկ. _4art _92503 |
|
| 700 | 1 |
_aԲրուտյան, Գևորգ Արշակի, _d1888-1952 _eնկ. _4art |
|
| 090 | _c82694 | ||
| 999 |
_c81426 _d81426 |
||